| 000 | 01373nam0a22003011 4500 | ||
|---|---|---|---|
| 001 | rc\207573 | ||
| 005 | 20260406071833.0 | ||
| 010 |
_a5-02-003867-9 _91440 |
||
| 035 | _a(NLR Aleph) 005458706 | ||
| 090 |
_a4934383 _c4934383 |
||
| 100 | _a20030307d1991 |||y0rusy50 ca | ||
| 101 | 0 | _arus | |
| 102 | _aRU | ||
| 105 | _aa ||||||||| | ||
| 200 | 1 |
_aАлександр Иванович Целиков _eУченый. Конструктор. Педагог _e(Творч. портр. по воспоминаниям современников) _f[АН СССР _gСост. В.Г. Дрозд] _gОтв. ред. К.В. Фролов |
|
| 210 |
_aМ. _cНаука _d1991 |
||
| 215 |
_a157 с. _cил. _d21 |
||
| 225 | 1 | _aСерия "Ученые СССР. Очерки, воспоминания, материалы" | |
| 320 | _aХронол. указ. основных тр. А.И. Целикова / Составили В.Г. Дрозд, Л.В. Суркова: с. 128-151 | ||
| 702 | 1 |
_aДрозд _bВ.Г. _gВладимир Григорьевич _4220 |
|
| 702 | 1 |
_4340 _8rus _7ca _aФролов _bК. В. _cд-р техн. наук _f1932-2007 _gКонстантин Васильевич _3RU\NLR\AUTH\7729062 _912091 |
|
| 712 | 0 | 1 | _aАН СССР |
| 801 | 0 |
_aRU _bNLR _gpsbo |
|
| 801 | 1 |
_aRU _bELAR _2rusmarc |
|
| 852 |
_aNLR _j92-5/223 |
||
| 942 | _cBOOK | ||
| 980 | _aNB | ||